00550 2200181 4500001002100000008004100021035002000062245008800082100004200170250001000212260003800222300002700260020002200287084001400309082001000323650002400333990001100357INLIS000000000013045 ind  a0010-0722000529 aDiktat CPNS Terlengkap 2018bBedah Kisi-KisicAryo Dewantara, Tim Psikologi Salemba aAryo Dewantara, Tim Psikologi Salemba acet.1 aYogyakarta :bForum Edukasic2017 a893 hlm.: ilus.c26 cm a978-602-5454-04-2 a153.9 DIK a153.9 aINTELIGENSI MANUSIA a8426 a